000 00892nam a22002297a 4500
999 _c16755
_d16755
003 AR-CdUCM
008 190506b ||||| |||| 00| 0 spa d
040 _aMUNICIPALIDAD PROVINCIAL DEL CUSCO
_cBIBLIOTECA MUNICIPAL DEL CUSCO
082 _23ed.
_a531.2 /
_bH51
100 _aHenkel, Otto.
_936385
245 _aEstática gráfica /
260 _aMéxico :
_bNacional,
_c1958.
300 _a402 paginas ;
_c18 cm.
505 _aContenido : Concepto de estática gráfica -- Las fuerzas, sus acciones y representación gráfica -- Composición y descomposición de fuerzas en un plano -- Definiciones generales -- Composición de fuerzas paralelas...
650 _aEstática
_920065
650 _aFuerzas paralelas
_936386
650 _aParábola por puntos
_936387
700 _aGay, Joaquin
_936388
700 _aFizia, Kurt
_936389
942 _2ddc
_cLIBROS
945 _awnts
_d2019-05-6